Las invisibles

Saved in:
Bibliografiske detaljer
Hovedforfatter: Rodríguez París, Antonieta (Author)
Format: Bog
Sprog:spansk
Udgivet: s.l Mercado Negro 2001
Fag:
Tags: Tilføj Tag
Ingen Tags, Vær først til at tagge denne postø!

MARC

LEADER 00000nam a2200000 a 4500
001 UCN8288
003 CL-VaPUC
008 011109e20010800cl |||||||||||||||||spa|d
082 0 4 |a Ch861  |b ROD  |2 21 
100 0 |a Rodríguez París, Antonieta  |e author  |9 464623 
245 1 4 |a Las invisibles 
300 |a 69 p 
942 |c BK 
945 |d 20011109 00:00:00  |a cmena 
260 |a s.l  |b Mercado Negro  |c 2001 
650 0 |a Poesías chilenas   |9 265280 
650 0 |a Literatura chilena   |9 308278 
583 |a last modification  |c 20171122 05:49:00  |k Rodrigo Vera 
999 |c 298303  |d 298301 
952 |0 0  |1 0  |4 0  |6 CH_861_000000000000000_ROD_2001  |7 0  |8 A  |9 353808  |a BIBEDU  |b BIBEDU  |d 2019-11-21  |i 3771644  |l 1  |o Ch861 ROD 2001  |p 3771644  |r 2024-05-08  |s 2024-05-06  |w 2019-11-21  |y BK  |k LIT